La tasa social de retorno al capital en Argentina 1935-1973. Un intento de estimación (Registro nro. 24806)

Detalles MARC
000 -LEADER
fixed length control field 00403 a2200121 4500
001 - CONTROL NUMBER
control field ART_10900
005 - DATE AND TIME OF LATEST TRANSACTION
control field 20260410161849.0
008 - FIXED-LENGTH DATA ELEMENTS--GENERAL INFORMATION
fixed length control field 260409a
100 1# - MAIN ENTRY--PERSONAL NAME
Personal name Reca, Lucio G.
245 10 - TITLE STATEMENT
Title La tasa social de retorno al capital en Argentina 1935-1973. Un intento de estimación
700 1# - ADDED ENTRY--PERSONAL NAME
Personal name Verstraeten, Juan
773 0# - HOST ITEM ENTRY
Title Económica
Related parts - Año XXVII, Nº 1/2 (ene./ago. 1981)
Record control number REV7541

No hay ítems disponibles.